<?xml version="1.0" encoding="UTF-8"?>
<record
    xmlns:xsi="http://www.w3.org/2001/XMLSchema-instance"
    xsi:schemaLocation="http://www.loc.gov/MARC21/slim http://www.loc.gov/standards/marcxml/schema/MARC21slim.xsd"
    xmlns="http://www.loc.gov/MARC21/slim">

  <leader>00387nam a22001577a 4500</leader>
  <controlfield tag="003">OSt</controlfield>
  <controlfield tag="005">20250303161840.0</controlfield>
  <controlfield tag="008">250303b        |||||||| |||| 00| 0 eng d</controlfield>
  <datafield tag="020" ind1=" " ind2=" ">
    <subfield code="a">9789353167523</subfield>
  </datafield>
  <datafield tag="040" ind1=" " ind2=" ">
    <subfield code="c">IIMT UNIVERSITY MEERUT </subfield>
  </datafield>
  <datafield tag="100" ind1=" " ind2=" ">
    <subfield code="a">Duggal S.K </subfield>
  </datafield>
  <datafield tag="245" ind1=" " ind2=" ">
    <subfield code="a">SURVEYING VOLUME- II</subfield>
  </datafield>
  <datafield tag="260" ind1=" " ind2=" ">
    <subfield code="a">NEW DELHI </subfield>
    <subfield code="b">Mc. Graw Hill </subfield>
    <subfield code="c">2023</subfield>
  </datafield>
  <datafield tag="300" ind1=" " ind2=" ">
    <subfield code="a">527</subfield>
  </datafield>
  <datafield tag="942" ind1=" " ind2=" ">
    <subfield code="2">ddc</subfield>
    <subfield code="c">02</subfield>
    <subfield code="e">5th </subfield>
  </datafield>
  <datafield tag="999" ind1=" " ind2=" ">
    <subfield code="c">65276</subfield>
    <subfield code="d">65276</subfield>
  </datafield>
  <datafield tag="952" ind1=" " ind2=" ">
    <subfield code="0">0</subfield>
    <subfield code="1">0</subfield>
    <subfield code="2">ddc</subfield>
    <subfield code="4">0</subfield>
    <subfield code="7">0</subfield>
    <subfield code="a">01</subfield>
    <subfield code="b">01</subfield>
    <subfield code="d">2025-03-03</subfield>
    <subfield code="e">SAVERA </subfield>
    <subfield code="i">24-25/CRB/935, 27/02/2025</subfield>
    <subfield code="l">0</subfield>
    <subfield code="p">01-B-143780</subfield>
    <subfield code="r">2025-03-03</subfield>
    <subfield code="w">2025-03-03</subfield>
    <subfield code="y">02</subfield>
  </datafield>
  <datafield tag="952" ind1=" " ind2=" ">
    <subfield code="0">0</subfield>
    <subfield code="1">0</subfield>
    <subfield code="2">ddc</subfield>
    <subfield code="4">0</subfield>
    <subfield code="7">0</subfield>
    <subfield code="a">01</subfield>
    <subfield code="b">01</subfield>
    <subfield code="d">2025-03-03</subfield>
    <subfield code="e">SAVERA </subfield>
    <subfield code="i">24-25/CRB/935, 27/02/2025</subfield>
    <subfield code="l">0</subfield>
    <subfield code="p">01-B-143781</subfield>
    <subfield code="r">2025-03-03</subfield>
    <subfield code="w">2025-03-03</subfield>
    <subfield code="y">02</subfield>
  </datafield>
  <datafield tag="952" ind1=" " ind2=" ">
    <subfield code="0">0</subfield>
    <subfield code="1">0</subfield>
    <subfield code="2">ddc</subfield>
    <subfield code="4">0</subfield>
    <subfield code="7">0</subfield>
    <subfield code="a">01</subfield>
    <subfield code="b">01</subfield>
    <subfield code="d">2025-03-03</subfield>
    <subfield code="e">SAVERA </subfield>
    <subfield code="i">24-25/CRB/935, 27/02/2025</subfield>
    <subfield code="l">0</subfield>
    <subfield code="p">01-B-143782</subfield>
    <subfield code="r">2025-03-03</subfield>
    <subfield code="w">2025-03-03</subfield>
    <subfield code="y">02</subfield>
  </datafield>
  <datafield tag="952" ind1=" " ind2=" ">
    <subfield code="0">0</subfield>
    <subfield code="1">0</subfield>
    <subfield code="2">ddc</subfield>
    <subfield code="4">0</subfield>
    <subfield code="7">0</subfield>
    <subfield code="a">01</subfield>
    <subfield code="b">01</subfield>
    <subfield code="d">2025-03-03</subfield>
    <subfield code="e">SAVERA </subfield>
    <subfield code="i">24-25/CRB/935, 27/02/2025</subfield>
    <subfield code="l">0</subfield>
    <subfield code="p">01-B-143783</subfield>
    <subfield code="r">2025-03-03</subfield>
    <subfield code="w">2025-03-03</subfield>
    <subfield code="y">02</subfield>
  </datafield>
  <datafield tag="952" ind1=" " ind2=" ">
    <subfield code="0">0</subfield>
    <subfield code="1">0</subfield>
    <subfield code="2">ddc</subfield>
    <subfield code="4">0</subfield>
    <subfield code="7">0</subfield>
    <subfield code="a">01</subfield>
    <subfield code="b">01</subfield>
    <subfield code="d">2025-03-03</subfield>
    <subfield code="e">SAVERA </subfield>
    <subfield code="i">24-25/CRB/935, 27/02/2025</subfield>
    <subfield code="l">0</subfield>
    <subfield code="p">01-B-143784</subfield>
    <subfield code="r">2025-03-03</subfield>
    <subfield code="w">2025-03-03</subfield>
    <subfield code="y">02</subfield>
  </datafield>
</record>
